Nomination procedures (Record no. 76036)

MARC details
000 -LEADER
fixed length control field 01757cab a2200217 4500
001 - CONTROL NUMBER
control field ##L131312
008 - FIXED-LENGTH DATA ELEMENTS--GENERAL INFORMATION
fixed length control field 051019n2005 000 0 eng u
035 ## - SYSTEM CONTROL NUMBER
System control number (Sirsi) u131312
041 0# - LANGUAGE CODE
Language code of text/sound track or separate title eng
100 1# - MAIN ENTRY--PERSONAL NAME
Personal name Brewer, Geoff
245 00 - TITLE STATEMENT
Title Nomination procedures
260 ## - PUBLICATION, DISTRIBUTION, ETC.
Date of publication, distribution, etc. 2005
490 #0 - SERIES STATEMENT
Series statement Contract Journal
Volume/sequential designation 430(6546) 12 October 2005, 24(1)
520 ## - SUMMARY, ETC.
Summary, etc. Discusses the case of "Palmac Contracting Ltd v Park Lane Estates Ltd" ([2005] EWHC 919 (TCC), L129768) in which Park Lane argued that an adjudicator lacked jurisdiction because Palmac had applied to the RICS for his nomination before notice of adjudication had been served, contrary to the terms of the contract between the parties. The court looked at the provisions for adjudication in the contract, which referred to JCT WCD 98 cl39A, which provides that the application for nomination and appointment of an adjudicator may precede serving of a notice of adjudication. Palmac's argument that the clause merely sets out a procedure for the appointment of an adjudicator was accepted. The clause does not stipulate that notice of adjudication must precede an application for nomination. In contrast, the provisions of the Scheme for Construction Contracts (England and Wales) Regulations 1998, expressly provide for notice to be served before application for appointment.
590 ## - LOCAL NOTE (RLIN)
Local note IKA251005
650 24 - SUBJECT ADDED ENTRY--TOPICAL TERM
Topical term or geographic name entry element PALMAC CONTRACTING LTD V PARK LANE ESTATES LTD
650 24 - SUBJECT ADDED ENTRY--TOPICAL TERM
Topical term or geographic name entry element I D E CONTRACTING LTD V R G CARTER CAMBRIDGE LTD
650 24 - SUBJECT ADDED ENTRY--TOPICAL TERM
Topical term or geographic name entry element JCT STANDARD FORM OF BUILDING CONTRACT WITH CONTRACTORS DESIGN (1998 EDITION)
690 ## - LOCAL SUBJECT ADDED ENTRY--TOPICAL TERM (OCLC, RLIN)
Topical term or geographic name as entry element MANAGEMENT-DISPUTE AVOIDANCE, MANAGEMENT AND RESOLUTION-DISPUTE MANAGEMENT AND RESOLUTION-ALTERNATIVE DISPUTE RESOLUTION-ADJUDICATION-ADJUDICATORS
942 ## - ADDED ENTRY ELEMENTS (KOHA)
Suppress in OPAC 0
Holdings
Withdrawn status Lost status Source of classification or shelving scheme Damaged status Not for loan Home library Current library Shelving location Date acquired Total Checkouts Full call number Barcode Date last seen Copy number Price effective from Koha item type
    Dewey Decimal Classification     London London Journal article 19/10/2005   L131312 131312-1001 06/08/2019 1 06/08/2019 Journal article